The decision-making behaviour of office occupiers (Record no. 118135)

MARC details
000 -LEADER
fixed length control field 01582cam a2200241 4500
001 - CONTROL NUMBER
control field ABS68307
008 - FIXED-LENGTH DATA ELEMENTS--GENERAL INFORMATION
fixed length control field 041008n2004 000 0 eng u
035 ## - SYSTEM CONTROL NUMBER
System control number (Sirsi) u127656
100 ## - MAIN ENTRY--PERSONAL NAME
Personal name Leishman, C.
245 #4 - TITLE STATEMENT
Title The decision-making behaviour of office occupiers
260 ## - PUBLICATION, DISTRIBUTION, ETC.
Date of publication, distribution, etc. 2004
490 ## - SERIES STATEMENT
Series statement Journal of Property Investment and Finance
Volume/sequential designation 22(4) 2004, 307-319(13)
520 ## - SUMMARY, ETC.
Summary, etc. Studies of the occupiers' choice of office property have focused on the influence of location. Following the standard behavioural assumptions of neo-classical economies, the firm is assumed to make the rational profit-maximising decision on the basis of full information. All firms are assumed to be homogeneous. This approach eliminates much of the complexity from the decision-making process. This paper uses evidence from a survey of over 100 office occupiers in Edinburgh to examine the influence of a broader range of factors on individual firms' choice of office. Using logistic regression techniques on the survey data, the empirical analysis shows that by taking account of heterogeneity of firms, it is possible to identify the type of property occupied. Firms' decisions are closely related to their size, business type and whether the market they serve is local, regional or national. [Taken from journal abstract.]
590 ## - LOCAL NOTE (RLIN)
Local note ABS
590 ## - LOCAL NOTE (RLIN)
Local note ABS
650 ## - SUBJECT ADDED ENTRY--TOPICAL TERM
Topical term or geographic name entry element OFFICE OCCUPIERS
650 ## - SUBJECT ADDED ENTRY--TOPICAL TERM
Topical term or geographic name entry element OFFICE LOCATIONS
650 ## - SUBJECT ADDED ENTRY--TOPICAL TERM
Topical term or geographic name entry element OFFICE BUILDINGS
650 ## - SUBJECT ADDED ENTRY--TOPICAL TERM
Topical term or geographic name entry element DECISION-MAKING
650 ## - SUBJECT ADDED ENTRY--TOPICAL TERM
Topical term or geographic name entry element DECISION ANALYSIS TECHNIQUES
690 ## - LOCAL SUBJECT ADDED ENTRY--TOPICAL TERM (OCLC, RLIN)
Topical term or geographic name as entry element COMMERCIAL PROPERTY
9 (RLIN) 6227
942 ## - ADDED ENTRY ELEMENTS (KOHA)
Suppress in OPAC 0
Holdings
Withdrawn status Lost status Source of classification or shelving scheme Damaged status Not for loan Home library Current library Shelving location Date acquired Total Checkouts Full call number Barcode Date last seen Copy number Price effective from Koha item type
    Dewey Decimal Classification     London London Journal article 08/10/2004   ABS68307 127656-1001 06/08/2019 1 06/08/2019 Journal article